Представление документа в формате RUSMARC

ПолеНазваниеЗначение
  Тип записи a
  Библиографический уровень a
001 Контрольный номер RU/CBS_Ul/BASE/495127956
005 Дата корректировки 20240209175150.9
100 Данные общей обработки __
a Данные общей обработки 20150909d2015 ||| 0rusy0189 ca
101 Язык документа 0_
a Язык текста rus
102 Страна публикации __
a Страна публикации RU
105 Кодированные данные (монография) __
a Кодированные данные (монография) y###||||000|y
200 Заглавие и сведения об ответственности 1_
a Заглавие Пермские ящеры
b Общее обозначение материала Текст
e Сведения, относящиеся к заглавию [об обнаружении останков ящеров в Пермском крае]
f Первые сведения об ответственности С. Сенин
300 Общие примечания __
a Общие примечания Ограничения по возрасту - 0+
461 Уровень набора _0
1 2000
a Простоквашино
463 Уровень физической единицы _0
1 001RU/CBS_Ul/BASE/495123716
1 2000
a № 9
v С. 16-17 : фото
1 210
d 2015
606 Тематические рубрики 0_
a Основная рубрика Палеозойские отложения - Палеонтология - Урал
y Географическая подрубрика Очёр, город (Пермский край)
z Хронологическая подрубрика 1950 г.
610 Ключевые слова 0_
a Ключевые слова животные
a Ключевые слова ящеры
a Ключевые слова пермский период
a Ключевые слова парки
a Ключевые слова музеи
a Ключевые слова звероящеры
686 Индексы других классификаций __
a Классификационный индекс 28.1
2 Код системы ББК
700 Автор _1
a Фамилия Сенин
b Имя (инициалы) С.
801 Источник записи _0
a Страна RU
b Организация МБУК ЦБС г. Ульяновска
c Дата составления 20150909
g Правила каталогизации RCR
801 Источник записи _1
a Страна RU
b Организация МБУК ЦБС г. Ульяновска
c Дата составления 20150909
g Правила каталогизации RCR
901 Тип документа __
t Тип документа b
w Контрольный № источника RU/CBS_Ul/BASE/495123716
910 Корректоры записи __
a Корректор записи Библиотека 29
938 Служебная информация __
a Имя БД period